000 01619nam a22003137a 4500
005 20080918163843.0
008 080918t xxu||||| |||| 00| 0 hin d
010 _aHIN-92754
020 _c150.00
_a9788190403230
035 _aHN-65100
037 _bDBAD / PUB
040 _aDPL
_bHN
082 _a827
100 _9747
_aद्विवेदी, रामरजपाल
245 _aतिराहे वाले मिसुर जीः
_cरामरजपाल द्विवेदी
_bहास्य-व्यंग्य लेखों का संग्रह /
246 _aTirahewale Misuru ji
_bby Ramrajpal Dwivedi
260 _aदिल्ली
_bआकांक्षा प्रकाशन
_c2011
270 _aएफ-15-ए, विजय ब्लॉक, विकास मार्ग, लक्ष्मी नगर
_bदिल्ली
_e110032
300 _a96पृ.
_c22सेमी (सजिल्द)
650 _9697
_aहिन्दी व्यंग्य
650 _9698
700 _927881
700 _927882
700 _927883
942 _2ddc
_cHN
_mद्विवेदी
_h827
999 _c52560
_d52560